000
00482nam a2200157Ia 4500
008
100122s9999 xx 000 0 und d
082
_b
73246
_a
823
100
_a
कुलकर्णी जी ए
245
_a
एक अरबी कहाणी
250
_a
2
260
_b
विश्वमोहिनी प्रकाशन
_c
2007
300
_a
255
630
_a
एक अरबी कहाणी
730
_a
एक अरबी कहाणी
942
_c
BOOK
999
_c
389197
_d
389194